Historia de las doctrinas económicas; de la escuela histórica a john maynard keynes; tomo 2 /

Guardado en:
Autor Principal: Gide, Charles
Formato: Libro
Publicado: Argentina : Depalma, 0
Materias:
Etiquetas: Agregar Etiqueta
Sin Etiquetas, Sea el primero en etiquetar este registro!
LEADER 00755nam a22001815a 4500
001 CEM.cems002893
005 19000101000000.0
008 130507b######################000#0#####d
003 CEMS
082 0 4 |a 330.15 
100 1 |a Gide, Charles 
245 1 0 |a Historia de las doctrinas económicas; de la escuela histórica a john maynard keynes; tomo 2 /  |c Charles Gide 
260 |a Argentina :  |b Depalma, 0 
300 |a 580 p. 
505 0 |a La revolucion economica; el mundo maravilloso de Adam Smith; el mundo sombrio del clerigo Malthus y de David Ricardo; el bello mundo de los socialistas utopicos; el mundo inexorable de Carlos Marx 
653 |a Economia-doctrinas 
653 |a Economia-historia 
859 |a CEMS  |b BIB. CEMS - 11 de abril  |h 330.15  |i G361/2  |p 726.73  |t Ej.1